| 000 | 01209nam a22003497a 4500 | ||
|---|---|---|---|
| 003 | CHAP | ||
| 005 | 20220329142543.0 | ||
| 008 | 010926d us r 00110 eng d | ||
| 010 | _a84829 | ||
| 011 | _a85801 | ||
| 035 | _a96337 | ||
| 040 | _cCHAP | ||
| 090 | _aFolleto 16360 | ||
| 100 | 0 | 0 |
_aKinnucan, Henry W. _963314 |
| 245 | 1 | 0 |
_aEffects of catfish advertising on consumers' attitudes, purchase frequency, and farmers' incomes _c/por/ Henry Kinnucan, Meenakshi Venkateswaran and Upton Hstch |
| 260 |
_aAlabama : _bAlabama Agricultural Experiment Station, _c1990. |
||
| 300 |
_a42 p. ; _bgrafs |
||
| 410 | 0 | 0 | _aAlabama Agricultural Experiment Station |
| 490 | 0 |
_aBulletin _v; 607 |
|
| 590 |
_aBATCH-UPD _b10 _c20130110 _lUCH01 _h0143 |
||
| 590 |
_aBATCH-UPD _b10 _c20130110 _lUCH01 _h0800 |
||
| 590 |
_aCONVERSION _b10 _c20130109 _lUCH01 _h1347 |
||
| 650 | 1 | 4 |
_aBagre. _99407 |
| 700 | 0 |
_aHatch, Upton. _953067 |
|
| 700 | 0 |
_aVenkateswaran, Meenakshi. _9118725 |
|
| 810 | 0 | 0 |
_aAlabama Agricultural Experiment Station _93296 |
| 830 | 0 |
_aBulletin _v; 607 _916039 |
|
| 901 | _aBK | ||
| 905 | _aAlejandra Carrasco M. | ||
| 942 | _cFOLL | ||
| 949 |
_aFolleto 16360 _bBC _cFOLL _d33724002017322 _eTS1 _i96337 _sb |
||
| 999 |
_c84829 _d84829 |
||